|
|
|
|
| LEADER |
00780nam a2200229 4500 |
| 001 |
c000074599 |
| 003 |
CARM |
| 005 |
00000000000000.0 |
| 008 |
721107s1973 nyu 00011 eng |
| 019 |
1 |
|
|a 578006
|5 LACONCORD2021
|
| 020 |
|
|
|a 0394465172
|
| 035 |
|
|
|a (OCoLC)508119
|5 LACONCORD2021
|
| 050 |
0 |
0 |
|a PZ3.M396
|b At
|a PS3525.A835
|
| 082 |
0 |
0 |
|a 813/.5/4
|
| 100 |
1 |
|
|a Masur, Harold Q.,
|d 1909-
|
| 245 |
1 |
4 |
|a The attorney
|c [by] Harold Q. Masur.
|
| 250 |
|
|
|a [1st ed.]
|
| 260 |
|
|
|a New York,
|b Random House
|c [1973]
|
| 300 |
|
|
|a 309 p.
|c 22 cm.
|
| 852 |
8 |
|
|b CARM
|h A2:AB30B0
|i B02964
|p 0133409
|f BK
|
| 999 |
f |
f |
|i 8887e0c5-0e2c-5a7a-a899-e9fea7cf5aec
|s 4c11e286-2318-53e2-bc37-125c74ad2c93
|
| 952 |
f |
f |
|p Can circulate
|a CAVAL
|b CAVAL
|c CAVAL
|d CARM 1 Store
|e B02964
|f A2:AB30B0
|h Other scheme
|i book
|m 0133409
|